Univerzitné komunitno-vzdelávacie a oddychové centrum (San Francisco)
Saved in:
| Main Author: | |
|---|---|
| Other Authors: | |
| Format: | Manuscript Book |
| Language: | Slovak |
| Published: |
Bratislava
2018
|
| Subjects: | |
| Online Access: | http://is.stuba.sk/zp/portal_zp.pl?podrobnosti=139624 |
| Tags: |
No Tags, Be the first to tag this record!
|
MARC
| LEADER | 00000ntm a22000003a 4500 | ||
|---|---|---|---|
| 001 | stuzp68858 | ||
| 003 | SK-STU | ||
| 005 | 20210114090518.0 | ||
| 007 | ta | ||
| 008 | 150427s2015----xo-----f-mn---000-0-slo-d | ||
| 040 | |a STU |b slo | ||
| 041 | 0 | |a slo | |
| 100 | 1 | |a Ogurčák, Dominik |u 058180 |4 aut |U FAD Fakulta architektúry |T FA Ústav architektúry občianskych budov |X 7695 |U A8180 |Y 399 |7 A000007695 | |
| 242 | 0 | 1 | |a University Community Education and Recreation Center (San Francisco) |y eng |
| 245 | 1 | 0 | |a Univerzitné komunitno-vzdelávacie a oddychové centrum (San Francisco) |
| 260 | |c 2018 |a Bratislava | ||
| 650 | 4 | |a zážitkové centrum |2 slo | |
| 650 | 4 | |a univerzitné komunitno-vzdelávacie centrum |2 slo | |
| 650 | 4 | |a kajakársky klub |2 slo | |
| 650 | 4 | |a San Francisco |2 slo | |
| 650 | 4 | |a Romberg Tiburon |2 slo | |
| 650 | 4 | |a academic community-based educational center |2 eng | |
| 650 | 4 | |a kayaking club |2 eng | |
| 650 | 4 | |a San Francisco |2 eng | |
| 650 | 4 | |a Romberg Tiburon |2 eng | |
| 650 | 4 | |a experience center |2 eng | |
| 700 | 1 | |a Andráš, Milan |u 058180 |k Z1 |4 ths |U FAD Fakulta architektúry |T FA Ústav architektúry občianskych budov |X 4208 |U A8180 |Y 399 |7 A000004208 | |
| 856 | 4 | |u http://is.stuba.sk/zp/portal_zp.pl?podrobnosti=139624 |u https://opac.crzp.sk/?fn=detailBiblioForm&sid=EEE57057A47611A7EC79CD4E9AC3 | |